| 000 | 01516cam a2200397 a 4500 | ||
|---|---|---|---|
| 001 | 1984 | ||
| 003 | FISKH | ||
| 005 | 20231024113603.0 | ||
| 008 | 981216s1999 nyua c 000 0aeng | ||
| 010 | _a 98049242 | ||
| 020 | _a0590546309 | ||
| 040 |
_aDLC _cDLC _dDLC _beng |
||
| 042 | _alcac | ||
| 043 | _an-us-la | ||
| 050 | 0 | 0 |
_aF379.N59 _bN435 1999 |
| 082 | 0 | 0 |
_a379.2/63/092 _aB _221 |
| 100 | 1 | _aBridges, Ruby. | |
| 245 | 1 | 0 |
_aThrough my eyes / _cRuby Bridges ; articles and interviews compiled and edited by Margo Lundell. |
| 260 |
_aNew York : _bScholastic, _c1999. |
||
| 300 |
_a63 pages : _billustrations ; _c27 cm |
||
| 505 | _aW | ||
| 520 | _aRuby Bridges recounts the story of her involvement, as a six-year-old, in the integration of her school in New Orleans in 1960. | ||
| 521 | 8 |
_a860
_bLexile |
|
| 521 | 8 |
_aW
_bRaz-Plus |
|
| 600 | 1 | 0 |
_aBridges, Ruby _vJuvenile literature. |
| 600 | 1 | 1 | _aBridges, Ruby. |
| 650 | 0 |
_aAfrican American children _zLouisiana _zNew Orleans _vBiography _vJuvenile literature. |
|
| 650 | 0 |
_aAfrican Americans _zLouisiana _zNew Orleans _vBiography _vJuvenile literature. |
|
| 650 | 0 |
_aSchool integration _zLouisiana _zNew Orleans _vJuvenile literature. |
|
| 650 | 1 |
_aAfrican Americans _vBiography. |
|
| 650 | 1 |
_aSchool integration _zLouisiana _zNew Orleans. |
|
| 651 | 0 |
_aNew Orleans (La.) _xRace relations _vJuvenile literature. |
|
| 651 | 1 |
_aNew Orleans (La.) _xRace relations. |
|
| 906 |
_a7 _bcbc _corignew _d1 _eocip _f19 _gy-gencatlg |
||
| 942 |
_2ddc _cBK _n0 |
||
| 999 |
_c1984 _d1984 |
||